| 000 | 01051cas a2200337 i 4500 | ||
|---|---|---|---|
| 999 |
_c200429586 _d47510 |
||
| 001 | 200429586 | ||
| 003 | TR-AnTOB | ||
| 005 | 20190322123724.0 | ||
| 008 | 170926c20169999tu fr p d | ||
| 022 | _a2148-6778 | ||
| 040 |
_aANKA _beng _erda _cANKA _dTR-AnTOB |
||
| 041 | 0 | _atur | |
| 050 | _aK11 | ||
| 090 |
_aK11 _b.T6 |
||
| 099 | _aJOURNAL KTO K | ||
| 222 | _aKTO Karatay Üniversitesi Hukuk Fakültesi dergisi. | ||
| 245 | 0 | 0 | _aKTO Karatay Üniversitesi Hukuk Fakültesi dergisi. |
| 264 | 1 |
_aKonya : _bTC. KTO Karatay Üniversitesi, _c2016- |
|
| 300 |
_avolumes ; _c24 cm. |
||
| 310 | _aHalf yearly | ||
| 336 |
_atext _2rdacontent |
||
| 337 |
_aunmediated _2rdamedia |
||
| 338 |
_2rdacarrier _avolume |
||
| 362 | 0 | _avolume 1, ıssue 1 (2016)- | |
| 530 | _aWeb ortamında edinilebilir. | ||
| 650 | 0 |
_aHukuk _zTürkiye _vSüreli yayınlar _970541 |
|
| 650 | 0 |
_aLaw _zTurkey _vPeriodicals _970540 |
|
| 856 | _uhttps://jurix.com.tr/dergi/kto-karatay-ueniversitesi-hukuk-fakueltesi-dergisi | ||
| 942 |
_2lcc _cCR _s1 |
||